Logística y distribución física: evolución, situación actual, análisis comparativo y tendencias

Tallennettuna:
Bibliografiset tiedot
Päätekijät: Gutiérrez Casas, Gil (Tekijä), Prida Romero, Bernardo (Tekijä)
Aineistotyyppi: Kirja
Kieli:espanja
Julkaistu: Madrid McGraw Hill 1998
Sarja:Serie McGraw Hill de Management
Aiheet:
Tagit: Lisää tagi
Ei tageja, Lisää ensimmäinen tagi!

MARC

LEADER 00000nam a2200000 a 4500
001 UCQ0956
003 CL-VaPUC
008 980703e19980000SP |||||||||||||||||spa|d
082 0 4 |a 658.401  |b GUT  |2 21 
100 |a Gutiérrez Casas, Gil  |e author  |9 494560 
700 0 |a Prida Romero, Bernardo  |e author  |9 414440 
245 1 0 |a Logística y distribución física: evolución, situación actual, análisis comparativo y tendencias 
300 |a 200 p 
942 |c BK 
945 |d 19980703 00:00:00  |a aalvarez 
260 |a Madrid  |b McGraw Hill  |c 1998 
650 0 |a Administración  |9 259325 
650 0 |a Marketing  |9 259324 
650 0 |a Análisis de mercados  |9 414441 
650 7 |a DISTRIBUCION FISICA  |2 CL-VaPUC  |9 414442 
583 |a last modification  |c 19980703 00:00:00  |k Rodrigo Vera 
490 0 |a Serie McGraw Hill de Management 
999 |c 271983  |d 271981 
952 |0 0  |1 0  |4 0  |6 658_401000000000000_GUT_1998  |7 0  |8 A  |9 306788  |a BIBENE  |b BIBENE  |d 2019-11-20  |i 3437736  |o 658.401 GUT 1998  |p 3437736  |r 2025-01-15  |w 2019-11-20  |y BK  |k ICO 
952 |0 0  |1 0  |4 0  |6 658_401000000000000_GUT_1998  |7 0  |8 A  |9 306789  |a BIBENE  |b BIBENE  |d 2019-11-20  |i 350882K  |o 658.401 GUT 1998  |p 350882K  |r 2025-01-15  |w 2019-11-20  |y BK  |k ICO 
952 |0 0  |1 0  |4 0  |6 658_401000000000000_GUT_1998  |7 0  |8 A  |9 306790  |a BIBENE  |b BIBENE  |d 2019-11-20  |i 3580695  |o 658.401 GUT 1998  |p 3580695  |r 2025-01-15  |w 2019-11-20  |y BK  |k ICO 
952 |0 0  |1 0  |4 0  |6 658_401000000000000_GUT_1998  |7 0  |8 A  |9 306791  |a BIBING  |b BIBING  |d 2019-11-20  |i 3638774  |o 658.401 GUT 1998  |p 3638774  |r 2025-01-20  |w 2019-11-20  |y BK  |k TRA